SOUTHEAST Asia in the new century : an Asian perspective

Bibliographic Details
Other Authors: Ku
Format: Book
Published: Kaohsiung, Taiwan : Center for Southeast Asian Studies , 2002
Subjects:

MARC

LEADER 00000cam a2200000 7i4500
001 0000002582
005 20030822.0
020 0 0 |a 9971692627 
090 0 0 |a 959.054   |b SOU 2002 
245 0 0 |a SOUTHEAST Asia in the new century : an Asian perspective   |c edited by Samuel C. Y. Ku 
260 0 0 |a Kaohsiung, Taiwan :   |b Center for Southeast Asian Studies ,   |c 2002 
300 |a v, 269 p. ;   |c 22 cm. 
500 0 0 |a Includes bibliographical references 
650 0 0 |a Asia, Southeastern   |x Economic conditions 
650 0 0 |a Asia, Southeastern   |x Foreign relations 
650 0 0 |a Asia, Southeastern   |x Politics and government 
700 0 1 |a Ku   |h Samuel C. Y. 
998 |a JPSM 
999 |a 0000005018   |b Monograph   |c Open Shelf   |e Default branch